000 004400000a22001690004500
003 LK-CoMWRAF
008 230817t ||||| |||| 00| 0 eng d
040 _aLK-CoMWRAF
_dLK-CoMWRAF
_eLK-CoMWRAF
041 _aeng
082 _a022
_bSUB
100 _aSubramaniyam, Alaku
245 _aNeethipathiyin Makan
_b
260 _aColombo
_bAuther
_c1999
300 _ap.129
650 _aTranslation of English Shortstories into Tamil
942 _cBK
999 _c438
_d438